000
00365nam a22001577a 4500
003
MPLRDC
005
20220104143309.0
008
210129b ||||| |||| 00| 0 eng d
082
_a
805.141 BQ
100
_a
北权编
245
_a
英语发音法
_c
260
_a
_b
海洋出版社
_c
1962
300
_b
平
650
_a
英语发音
942
_c
BK
_o
805.141 BQ
999
_c
38528
_d
38518